<?xml version="1.0" encoding="UTF-8"?>
<record
    xmlns:xsi="http://www.w3.org/2001/XMLSchema-instance"
    xsi:schemaLocation="http://www.loc.gov/MARC21/slim http://www.loc.gov/standards/marcxml/schema/MARC21slim.xsd"
    xmlns="http://www.loc.gov/MARC21/slim">

  <leader>00573nam a22001097a 4500</leader>
  <datafield tag="040" ind1=" " ind2=" ">
    <subfield code="c">RUA</subfield>
  </datafield>
  <datafield tag="082" ind1=" " ind2=" ">
    <subfield code="a">LMA DOR 2024 B1-398 Or.1</subfield>
  </datafield>
  <datafield tag="245" ind1=" " ind2=" ">
    <subfield code="a">&#x179F;&#x17B7;&#x1780;&#x17D2;&#x179F;&#x17B6;&#x17A2;&#x17C6;&#x1796;&#x17B8;&#x1780;&#x17B6;&#x179A;&#x17A2;&#x1793;&#x17BB;&#x179C;&#x178F;&#x17D2;&#x178F;&#x1795;&#x17C2;&#x1793;&#x1780;&#x17B6;&#x179A;&#x1794;&#x17D2;&#x179A;&#x17BE;&#x1794;&#x17D2;&#x179A;&#x17B6;&#x179F;&#x17CB;&#x178A;&#x17B8;&#x1793;&#x17C5; &#x1783;&#x17BB;&#x17C6;&#x178F;&#x17B6;&#x17C6;&#x1784;&#x179F;&#x17D2;&#x1799;&#x17B6; &#x179F;&#x17D2;&#x179A;&#x17BB;&#x1780;&#x1797;&#x17D2;&#x1793;&#x17C6;&#x179F;&#x17D2;&#x179A;&#x17BD;&#x1785; &#x1781;&#x17C1;&#x178F;&#x17D2;&#x178F;&#x1780;&#x17C6;&#x1796;&#x1784;&#x17CB;&#x179F;&#x17D2;&#x1796;&#x17BA; STUDY ON THE IMPLEMENTATION OF LAND USE PLAN IN TAING SYA COMMUNE, PHNOM SROUCH DISTRICT, KAMPONG SPEU PROVINCE</subfield>
  </datafield>
  <datafield tag="260" ind1=" " ind2=" ">
    <subfield code="a">RUA</subfield>
    <subfield code="b">PHNOM PENH</subfield>
    <subfield code="c">2024</subfield>
  </datafield>
  <datafield tag="300" ind1=" " ind2=" ">
    <subfield code="a">ix</subfield>
    <subfield code="b">ill</subfield>
    <subfield code="c">29cm</subfield>
  </datafield>
  <datafield tag="942" ind1=" " ind2=" ">
    <subfield code="c">LMA</subfield>
  </datafield>
  <datafield tag="999" ind1=" " ind2=" ">
    <subfield code="c">24908</subfield>
    <subfield code="d">24908</subfield>
  </datafield>
</record>
